[Event "TCh-BEL 2007-8"]
[Site "Belgium BEL"]
[Date "2007.10.21"]
[Round "2"]
[White "Roeder,M"]
[Black "Savchenko,S"]
[Result "1/2-1/2"]
[WhiteElo "2452"]
[BlackElo "2604"]

1.Nf3 d5 2.c4 c6 3.e3 Nf6 4.Nc3 e6 5.b3 Bd6 6.Bb2 O-O 7.Qc2 Re8 8.d4 Nbd7
9.Rd1 Qe7 10.Be2 b6 11.O-O Bb7 12.e4 Nxe4 13.Nxe4 dxe4 14.Qxe4 f5 15.Qe3 c5
16.Qg5 Nf6 17.d5 Ne4 18.Qxe7 Rxe7 19.Bd3 exd5 20.cxd5 g6 21.Bc4 a6 22.a4 Rae8
23.Nh4 Kf7 24.Nf3 Nf6 25.g3 h6 26.Nh4 Kg7 27.f4  1/2-1/2

[Event "Open A"]
[Site "Arco di Trento ITA"]
[Date "2007.10.22"]
[Round "3"]
[White "Trauth,M"]
[Black "Giovannini,R"]
[Result "1-0"]
[WhiteElo "2180"]
[BlackElo "2013"]

1.Nf3 d5 2.c4 c6 3.g3 Nf6 4.Bg2 Bf5 5.cxd5 cxd5 6.Qb3 Qb6 7.Qxb6 axb6 8.d3 Nc6
9.Bf4 e6 10.Nc3 Bb4 11.O-O O-O 12.Rfc1 Rfc8 13.Nb5 Ne8 14.Be3 Ra6 15.Nbd4 Nd6
16.Nxc6 bxc6 17.a3 Rca8 18.Rab1 Bc5 19.Bxc5 bxc5 20.Rxc5 Nb7 21.Rc3 c5 22.Rbc1 f6
23.Rb3 R8a7 24.Nd2 Bg6 25.e4 Bf7 26.exd5 exd5 27.Rb5 Ra5 28.Rb6 Nd8 29.Nb3 R7a6
30.Rxa6 Rxa6 31.Nxc5 Ra5 32.Nb7 Nxb7 33.Rc8+ Be8 34.Rxe8+ Kf7 35.Rb8 Nd6
36.b4 Rxa3 37.Bxd5+ Kg6 38.Rb6 Nc8 39.Be4+ Kh6 40.Rb8 Nd6 41.Rd8 Nf7 42.Ra8 Rb3
43.Rb8 Nd6 44.Kg2 g6 45.Rb6 Ne8 46.Re6 Nc7 47.Rxf6 Rxb4 48.h4 Rd4 49.Rf7 Ne8
50.g4 Nd6 51.g5+ Kh5 52.Rxh7+ Kg4 53.Bxg6 Nb5 54.Be4 Nc3 55.g6  1-0

[Event "IV Open"]
[Site "Calvia ESP"]
[Date "2007.10.22"]
[Round "8"]
[White "Damljanovic,B"]
[Black "Zugic,I"]
[Result "1/2-1/2"]
[WhiteElo "2608"]
[BlackElo "2477"]

1.Nf3 d5 2.c4 c6 3.e3 Nf6 4.Nc3 a6 5.d4 b5 6.c5 g6 7.h3 Bg7 8.Bd3 Bf5 9.Bxf5 gxf5
10.Qc2 Ne4 11.Ne2 Bf6 12.a4 b4 13.a5 Ra7 14.Qa4 Rb7 15.Bd2 Rg8 16.g3 Nxd2
17.Kxd2 Rb5 18.Qb3 Nd7 19.Ra4 e5 20.Rha1 Qb8 21.Qc2 e4 22.Ne1 Be7 23.b3 Nf8
24.Kd1 Ne6 25.Qd2 Qb7 26.h4 Kd7 27.Nc2 Rb8 28.Nc1 Qc8 29.Qe2 Qg8 30.Qh5 Qg4+
31.Qxg4 fxg4 32.Na2 h5 33.Rxb4 Bf8 34.Rxb5 Rxb5 35.Rb1 Rb8 36.Nc3 Nc7 37.Na4 Nb5
38.Kd2 Kc7 39.Nb6 Rd8 40.Ra1 Bh6 41.Ne1 Nxd4 42.Rb1 Ne6 43.b4 d4 44.Ke2 dxe3
45.fxe3 Ng7 46.Nc4 Nf5 47.Ng2 Nxg3+ 48.Kf2 Nf5 49.Rf1 Rd5 50.Kg1 Kd8 51.Kh2 Ke7
52.Nb6 Re5 53.Nc4 Rd5 54.Nb6 Re5 55.Nc4 Rd5 56.Nb6  1/2-1/2

[Event "IV Open"]
[Site "Calvia ESP"]
[Date "2007.10.23"]
[Round "9"]
[White "Barcelo,P"]
[Black "Ramon Sanchez Campins,P"]
[Result "1-0"]
[WhiteElo "2190"]
[BlackElo "1644"]

1.Nf3 d5 2.c4 c6 3.b3 Nf6 4.Bb2 g6 5.g3 Bg7 6.Bg2 O-O 7.O-O Bf5 8.d3 Qc8
9.Re1 dxc4 10.bxc4 Na6 11.e4 Bg4 12.e5 Nd7 13.d4 Rd8 14.Nbd2 Nf8 15.Qb3 Rb8
16.a4 b6 17.Ba3 Qd7 18.h3 Be6 19.Qe3 Rbc8 20.Rac1 h6 21.Kh2 Rc7 22.Red1 Qe8
23.Ng1 c5 24.d5 Bc8 25.Ra1 Nb4 26.Bxb4 cxb4 27.f4 a5 28.Qxb6 Rb7 29.Qxa5 Bd7
30.d6 Ra8 31.Qd5 Rba7 32.a5 exd6 33.Qxd6 Ra6 34.Qxb4 Rb8 35.Qc3 Qc8 36.Ne4 Be6
37.Nd6 Qc5 38.Ne4 Qxc4 39.Qxc4 Bxc4 40.Nd6 Be6 41.Bf1 Raa8 42.Rd2 Rb4 43.a6 Nd7
44.a7 Nb6 45.Bg2  1-0

[Event "33rd Fortis Open"]
[Site "Guernsey GCI"]
[Date "2007.10.23"]
[Round "3"]
[White "Glover,R"]
[Black "Dines,S"]
[Result "1/2-1/2"]
[WhiteElo "1928"]
[BlackElo "1901"]

1.Nf3 d5 2.c4 d4 3.g3 g6 4.Bg2 Bg7 5.d3 c5 6.b4 cxb4 7.a3 bxa3 8.Bxa3 e5
9.Nbd2 Nc6 10.O-O Bf8 11.Qa4 Bxa3 12.Qxa3 Qe7 13.Rfb1 Qxa3 14.Rxa3 Nf6 15.Ng5 h6
16.Nge4 Nxe4 17.Nxe4 Kd7 18.Nf6+ Kd6 19.Ne4+ Kd7 20.Nf6+ Kd6  1/2-1/2

[Event "Open A"]
[Site "Arco di Trento ITA"]
[Date "2007.10.24"]
[Round "5"]
[White "Weiland,G"]
[Black "Niccoli,P"]
[Result "0-1"]
[WhiteElo "1982"]
[BlackElo "1861"]

1.Nf3 d5 2.c4 c6 3.d4 Nf6 4.g3 Bf5 5.Nc3 e6 6.Bg2 Be7 7.O-O Nbd7 8.a3 O-O
9.b4 Ne4 10.Nxe4 Bxe4 11.Nd2 Bxg2 12.Kxg2 e5 13.cxd5 cxd5 14.dxe5 Nxe5 15.Bb2 Bf6
16.Rc1 Rc8 17.Qb3 Qd6 18.Rfd1 Qe6 19.Nf3 Nxf3 20.exf3 Bxb2 21.Qxb2 Rxc1 22.Rxc1 Rd8
23.Qd4 a6 24.Rc7 b5 25.Rc3 Qf6 26.Qxf6 gxf6 27.Rd3 Kf8 28.Rd4 Ke7 29.Kf1 Ke6
30.f4 f5 31.Ke2 Rc8 32.Kd2 Rc4 33.Rd3 d4 34.f3 Kd5 35.Rb3 Rc6 36.Rb1 Rc3
37.Re1 Kc4 38.Re7 Rxa3 39.Rxf7 Rxf3 40.Rxh7 Kxb4 41.Rd7 Rf2+ 42.Kd3 Rxh2
43.Rxd4+ Kb3 44.Rd5 Rg2 45.Rxf5 Rxg3+ 46.Ke4 Rg1 47.Rg5 Re1+ 48.Kd5 b4 49.f5 a5
50.f6 a4 51.Rf5 Re8 52.f7 Rf8 53.Rf3+ Ka2 54.Rf2+ Ka3 55.Kc4 b3 56.Kc3  0-1

[Event "ch-Euro Blitz"]
[Site "Ajaccio FRA"]
[Date "2007.10.25"]
[Round "10"]
[White "Levacic,D"]
[Black "Fressinet,L"]
[Result "0-1"]
[WhiteElo "2253"]
[BlackElo "2654"]

1.Nf3 d5 2.c4 c6 3.d4 Nf6 4.cxd5 cxd5 5.Nc3 Nc6 6.Bf4 a6 7.e3 Bg4 8.Be2 e6
9.O-O Be7 10.Rc1 Nd7 11.h3 Bh5 12.Qb3 Na5 13.Qa4 b5 14.Qd1 Nc4 15.b3 Nd6
16.a4 b4 17.Na2 a5 18.Rc6 Nb8 19.Rc5 O-O 20.Nd2 Bg6 21.Qc1 Nf5 22.Rc7 Na6
23.Bxa6 Rxa6 24.Rc6 Qa8 25.Rxa6 Qxa6 26.Qc7 Rc8 27.Qd7 Rc6 28.Rc1 Rxc1+ 29.Nxc1 Bd8
30.Nd3 Nxd4 31.exd4 Bxd3 32.f3 f6 33.Kf2 Bc2 34.Ke3 Qd6 35.Bxd6 Bb6 36.Qf7+ Kxf7
37.f4 Ke8 38.Bc5 Bc7 39.g3 h6 40.h4 g5 41.hxg5 hxg5 42.fxg5 fxg5 43.g4 Bf4+
44.Ke2 Bc7 45.Ke3 Kd7 46.Ke2 Bd8 47.Bf8 Kc6 48.Bh6 Bf6 49.Ke3 Kd7 50.Bf8 Be7
51.Bh6 Ke8 52.Bg7 Bd6 53.Be5 Kd7 54.Nf3  0-1

[Event "ch-Euro Blitz"]
[Site "Ajaccio FRA"]
[Date "2007.10.25"]
[Round "17"]
[White "Paci,C"]
[Black "Jussupow,Ar"]
[Result "0-1"]
[WhiteElo "2301"]
[BlackElo "2583"]

1.Nf3 d5 2.c4 e6 3.g3 Nf6 4.Bg2 dxc4 5.Qa4+ Nbd7 6.Qxc4 c5 7.O-O b6 8.b3 Bb7
9.Bb2 Be7 10.Qc2 O-O 11.d3 Nd5 12.a3 Bf6 13.Nbd2 Bxb2 14.Qxb2 Qf6 15.Qxf6 N7xf6
16.Rfc1 Rfd8 17.Ne5 Rac8 18.Ndc4 Kf8 19.a4 Ne8 20.a5 b5 21.Ne3 a6 22.Nxd5 Bxd5
23.Bxd5 exd5 24.e4 f6 25.Nf3 dxe4 26.dxe4 Rd3 27.Nh4 Nd6 28.Rab1 Nxe4 29.Re1 Nd6
30.Re6 Re8 31.Rxe8+ Kxe8 32.Rc1 c4 33.bxc4 bxc4 34.Ng2 Rd5 35.Ne3 Rc5 36.Rc3 Kd7
37.Kg2 Kc6 38.Kf3 Kb5  0-1

[Event "33rd Fortis Open"]
[Site "Guernsey GCI"]
[Date "2007.10.25"]
[Round "5"]
[White "Glover,R"]
[Black "Dijksterhuis,R"]
[Result "1/2-1/2"]
[WhiteElo "1928"]
[BlackElo "2076"]

1.Nf3 d5 2.c4 c6 3.g3 Nf6 4.b3 g6 5.Bb2 Bg7 6.Bg2 O-O 7.O-O Nbd7 8.cxd5 cxd5
9.d4 e6 10.Nc3 a6 11.e3 b5 12.Re1 Bb7 13.Rc1 Qb6 14.Re2 Rac8 15.Rec2 Rc6
16.Bf1 Rfc8 17.Ne2 Rxc2 18.Rxc2 Rxc2 19.Qxc2 Qc6 20.Qxc6 Bxc6 21.Bc3 Bf8
22.Ba5 Bd6 23.Ne1 Ne8 24.Nd3 f6 25.Bb4 Bxb4 26.Nxb4 Bb7 27.f4 Kf7 28.Nd3 Ke7
29.Kf2 Nd6 30.Nc3 a5 31.b4 a4 32.Nc5 Bc6 33.Ke2 f5 34.Nxd7  1/2-1/2

[Event "ch-Euro Blitz"]
[Site "Ajaccio FRA"]
[Date "2007.10.26"]
[Round "25"]
[White "Levacic,D"]
[Black "Bareev,E"]
[Result "0-1"]
[WhiteElo "2253"]
[BlackElo "2653"]

1.Nf3 d5 2.c4 c6 3.d4 Nf6 4.cxd5 cxd5 5.Nc3 Nc6 6.Bf4 a6 7.e3 Nh5 8.Bg5 h6
9.Bh4 g5 10.Bg3 Nxg3 11.hxg3 Bg7 12.Qb3 e6 13.Bd3 b5 14.Rc1 Bd7 15.Bb1 Rc8
16.O-O f5 17.Qd1 O-O 18.Nd2 Na5 19.Qh5 b4 20.Ne2 Be8 21.Qf3 Bb5 22.Rfd1 g4
23.Qf4 Bxe2 24.Re1 Bb5 25.f3 Rxc1 26.Rxc1 Qg5 27.Rc7 Qxf4 28.gxf4 h5 29.Rc5 Rb8
30.a3 bxa3 31.bxa3 Bf8  0-1

[Event "Open A"]
[Site "Arco di Trento ITA"]
[Date "2007.10.27"]
[Round "8"]
[White "Vezzosi,P"]
[Black "Aagaard,J"]
[Result "1/2-1/2"]
[WhiteElo "2323"]
[BlackElo "2535"]

1.Nf3 d5 2.c4 c6 3.g3 e6 4.b3 a5 5.Bg2 a4 6.O-O axb3 7.Qxb3 Nf6 8.d4 Be7
9.Nc3 O-O 10.a4 Nbd7 11.Ba3 b6 12.Bxe7 Qxe7 13.Nd2 Ba6 14.Rfc1 Rac8 15.e3 Rfd8  1/2-1/2

[Event "22nd GP Open A"]
[Site "Le Touquet FRA"]
[Date "2007.10.27"]
[Round "1"]
[White "Brodsky,M"]
[Black "Andrieu,P"]
[Result "1-0"]
[WhiteElo "2597"]
[BlackElo "2048"]

1.Nf3 d5 2.c4 d4 3.g3 Nc6 4.Bg2 e5 5.d3 Nf6 6.O-O Bd6 7.Na3 Bxa3 8.bxa3 O-O
9.Rb1 Rb8 10.Ne1 Bd7 11.Nc2 Re8 12.Re1 Qe7 13.Bd2 Qe6 14.e3 dxe3 15.Bxe3 a6
16.Qd2 Red8 17.Qc3 Qf5 18.d4 Qh5 19.d5 Ne7 20.Ba7 Ng4 21.h3 Nxf2 22.Kxf2 Bxh3
23.Bxb8 Rxb8 24.Rxe5 Nf5 25.Rh1  1-0

[Event "22nd GP Open A"]
[Site "Le Touquet FRA"]
[Date "2007.10.29"]
[Round "3"]
[White "D'Costa,L"]
[Black "Savchenko,S"]
[Result "1/2-1/2"]
[WhiteElo "2395"]
[BlackElo "2604"]

1.Nf3 d5 2.c4 c6 3.b3 Bg4 4.Bb2 e6 5.e3 Nd7 6.h3 Bh5 7.Be2 Ngf6 8.Nc3 Bd6
9.d4 O-O 10.O-O Qb8 11.a4 a5 12.Qc2 Re8 13.Rfd1 Bg6 14.Qc1 Ne4 15.Ba3 Bxa3
16.Rxa3 Qd6 17.Nxe4 Bxe4 18.Ra2 Qb4 19.Qd2 Red8 20.Ne1 h6 21.Bd3 Bxd3 22.Nxd3 Qe7
23.Rc1 Rdb8  1/2-1/2

[Event "22nd GP Open A"]
[Site "Le Touquet FRA"]
[Date "2007.10.29"]
[Round "3"]
[White "Kieffer,C"]
[Black "Pauwels,R"]
[Result "1-0"]
[WhiteElo "2161"]
[BlackElo "1993"]

1.Nf3 d5 2.c4 c6 3.g3 Nf6 4.Bg2 Bg4 5.cxd5 cxd5 6.Ne5 Bd7 7.d4 Nc6 8.Nc3 e6
9.O-O Qb6 10.Nxd7 Nxd7 11.e4 Qxd4 12.exd5 Qxd1 13.Rxd1 exd5 14.Re1+ Kd8 15.Nxd5 Nd4
16.Bf4 Ne6 17.Red1 Rc8 18.Bh3 Rc6 19.Nc7 Ke7 20.Nxe6 fxe6 21.Rac1 Nf6 22.Rxc6 bxc6
23.Rd6 Nd5 24.Rxe6+ Kf7 25.Bd2 Bb4 26.Bxb4 Nxb4 27.a3 Nd3 28.Rxc6 Nxb2 29.Rc7+ Kf6
30.Rxa7 Rd8 31.Bg4 Rd2 32.Kf1 Nc4 33.Be2 Ne5 34.f4 Nf7 35.Ke1 Rb2 36.a4 Rb1+
37.Kd2 Rb2+ 38.Ke1 Rb1+ 39.Kf2 Rb2 40.a5 Nd8 41.Rd7 Ne6 42.a6 Ra2 43.a7 Nc5
44.Rc7 Ne6 45.Rc6 Rxa7 46.Bg4 Ra2+ 47.Kg1 Ra1+ 48.Kg2 Ra2+ 49.Kh3  1-0

[Event "ETCC"]
[Site "Crete GRE"]
[Date "2007.10.30"]
[Round "3"]
[White "Pantsulaia,L"]
[Black "Colovic,A"]
[Result "0-1"]
[WhiteElo "2617"]
[BlackElo "2477"]

1.Nf3 d5 2.c4 c6 3.g3 Nf6 4.Bg2 dxc4 5.O-O Nbd7 6.Na3 Nb6 7.Qc2 Be6 8.Ne5 Qd4
9.Nxc6 bxc6 10.Bxc6+ Kd8 11.Bxa8 Nxa8 12.d3 cxd3 13.Rd1 dxc2 14.Rxd4+ Bd7
15.Nc4 e6 16.Ne5 Ke8 17.Nxd7 Nxd7 18.Ra4 Bc5 19.Be3 Bxe3 20.fxe3 Ke7 21.Rxa7 Rc8
22.Rc1 Nb6 23.Kf2 Ke8 24.Ra3 Nf6 25.Ke1 Ne4 26.b4 Rc4 27.Rb3 Nd5 28.b5 Kd7
29.a3 Kc7 30.a4 Kb7 31.Ra3 Rb4 32.Raa1 Nxe3 33.Ra3 Rb1 34.Ra1 Rxa1 35.Rxa1  0-1

[Event "7th Rohde Open"]
[Site "Sautron FRA"]
[Date "2007.10.31"]
[Round "6"]
[White "Abbasov,F"]
[Black "Raetsky,A"]
[Result "1-0"]
[WhiteElo "2505"]
[BlackElo "2410"]

1.Nf3 d5 2.c4 d4 3.b4 a5 4.b5 g6 5.Bb2 Bg7 6.e3 e5 7.exd4 exd4 8.Bd3 Ne7
9.O-O O-O 10.Re1 Re8 11.Na3 Nd7 12.Bf1 Nc5 13.d3 b6 14.Nc2 Bb7 15.Nfxd4 Qd7
16.Rb1 Rad8 17.Ba1 h6 18.h3 g5 19.Qh5 Ng6 20.Rxe8+ Rxe8 21.Qg4 Qxg4 22.hxg4 Nf4
23.Rd1 Rd8 24.Nb3 Nce6 25.Bxg7 Kxg7 26.a4 c5 27.Ne3 Kf6 28.g3 Ng6 29.Bg2 Bxg2
30.Kxg2 Ne7 31.Nd2 Kg6 32.Ne4 h5 33.gxh5+ Kxh5 34.Nf6+ Kg6 35.Nfd5 Nxd5 36.Nxd5 Rd6
37.Ne7+ Kf6 38.Nc8 Rd8 39.Nxb6 Ke5 40.Nd5 Kd4 41.Kf3 f5 42.Re1 g4+ 43.Ke2 Ng5
44.Ne3 Nf3 45.Rc1 Rf8 46.b6 Ke5 47.Rb1 Nd4+ 48.Kd2 Kd6 49.Rh1 Kc6 50.Rh6+ Kb7
51.Nd5 Re8 52.Rh7+ Kc6 53.Rc7+ Kd6 54.Nc3 Rb8 55.Nb5+ Nxb5 56.cxb5 Rxb6 57.Ra7 Kd5
58.Rxa5 f4 59.Ra6  1-0

[Event "VIII Int Rapid"]
[Site "El Sauzal ESP"]
[Date "2007.11.03"]
[Round "4"]
[White "Barlov,D"]
[Black "Deniz Suarez,J"]
[Result "1-0"]
[WhiteElo "2469"]
[BlackElo "1726"]

1.Nf3 d5 2.c4 e6 3.d4 Nf6 4.Nc3 Be7 5.Bg5 Nbd7 6.e3 O-O 7.Qc2 b6 8.cxd5 exd5
9.Bd3 h6 10.Bf4 Bb7 11.h3 c5 12.O-O Rc8 13.Rfd1 Re8 14.Bf5 c4 15.Ne5 Bf8
16.Qa4 Re7 17.Nxd7 Nxd7 18.Bd6 Bc6 19.Bxe7 Qxe7 20.Qxa7 Ra8 21.Qc7 Qd6 22.Qxd6 Bxd6
23.Bxd7 Bxd7 24.Nxd5  1-0

[Event "VIII Int Rapid"]
[Site "El Sauzal ESP"]
[Date "2007.11.04"]
[Round "8"]
[White "Barlov,D"]
[Black "Camino Carrio,N"]
[Result "1-0"]
[WhiteElo "2469"]
[BlackElo "2177"]

1.Nf3 d5 2.c4 c6 3.Qc2 Nf6 4.g3 g6 5.Bg2 Bg7 6.O-O O-O 7.d3 Bg4 8.b3 dxc4
9.bxc4 Qc8 10.Bb2 Bh3 11.Nbd2 Bxg2 12.Kxg2 Qf5 13.e4 Qh5 14.d4 Na6 15.Rab1 c5
16.d5 e6 17.Bxf6 Bxf6 18.Rxb7 exd5 19.cxd5 Rfc8 20.Qc4 Nb8 21.Re1 Qh6 22.e5 Re8
23.d6  1-0

[Event "Cup Russia"]
[Site "Serpukhov RUS"]
[Date "2007.11.06"]
[Round "1.2"]
[White "Grachev,B"]
[Black "Deviatkin,A"]
[Result "1-0"]
[WhiteElo "2602"]
[BlackElo "2555"]

1.Nf3 d5 2.c4 c6 3.b3 Bf5 4.Bb2 e6 5.g3 Nf6 6.Bg2 Nbd7 7.O-O Be7 8.d3 O-O
9.Nbd2 h6 10.Qc2 Bh7 11.Rac1 a5 12.a3 Re8 13.cxd5 exd5 14.Rfe1 Bf8 15.Qb1 c5
16.e4 dxe4 17.dxe4 a4 18.bxa4 Rxa4 19.Bxf6 Nxf6 20.Qb3 Qa8 21.Nc4 Bxe4 22.Nfe5 Rxc4
23.Nxc4 Bxg2 24.Rxe8 Nxe8 25.Nb6 c4 26.Rxc4 Qxa3 27.Qxa3 Bxa3 28.Kxg2 Nd6
29.Rc7 h5 30.Kf3 g6 31.Kf4 Kg7 32.Ke5 Nf5  1-0

[Event "TCh-HUN 2007-8"]
[Site "Budapest HUN"]
[Date "2007.11.11"]
[Round "2"]
[White "Rachela,M"]
[Black "Szalai,K"]
[Result "1-0"]
[WhiteElo "2312"]
[BlackElo "2303"]

1.Nf3 d5 2.c4 c6 3.b3 Nf6 4.g3 Bg4 5.Bg2 e6 6.O-O Nbd7 7.d3 Bd6 8.Nbd2 Qe7
9.Bb2 O-O 10.h3 Bh5 11.Re1 e5 12.Nh4 Bg6 13.cxd5 cxd5 14.e4 Nc5 15.Qe2 dxe4
16.dxe4 Rfe8 17.Nc4 Nfd7 18.Rad1 Bc7 19.Ba3 Qe6 20.Bf3 b6 21.b4 b5 22.bxc5 bxc4
23.Bg4 Qa6 24.Rxd7 Qxa3 25.Rxc7 Rf8 26.Nxg6 hxg6 27.Rb1  1-0

[Event "Open"]
[Site "Liberec CZE"]
[Date "2007.11.14"]
[Round "5"]
[White "Bednar,Ma"]
[Black "Knobling,R"]
[Result "1-0"]
[WhiteElo "2003"]
[BlackElo "1693"]

1.Nf3 d5 2.c4 e6 3.g3 Nf6 4.Bg2 c6 5.O-O Be7 6.d4 Nbd7 7.Nc3 O-O 8.b3 h6
9.Qd3 b6 10.Bb2 Bb4 11.Nd2 Bxc3 12.Bxc3 Qc7 13.Rfd1 Bb7 14.Rac1 a5 15.Qe3 c5
16.dxc5 bxc5 17.Bxf6 Nxf6 18.cxd5 Nxd5 19.Bxd5 exd5 20.Qxc5 Qxc5 21.Rxc5 Rfc8
22.Rdc1 Rxc5 23.Rxc5 Kf8 24.Nf3 f6 25.Nd4 Ra6 26.e3 Bc8 27.h4 Kf7 28.h5 a4
29.b4 a3 30.b5 Rb6 31.Rc7+ Kg8 32.Rxc8+  1-0

[Event "ch-IND w"]
[Site "Pune IND"]
[Date "2007.11.15"]
[Round "11"]
[White "Gomes,Ma"]
[Black "Mohota,N"]
[Result "0-1"]
[WhiteElo "2262"]
[BlackElo "2416"]

1.Nf3 d5 2.c4 dxc4 3.Na3 a6 4.Nxc4 b5 5.Ne3 Bb7 6.d4 e6 7.Nc2 c5 8.Bg5 f6
9.Be3 Nd7 10.Qd2 c4 11.g3 Nb6 12.Bh3 f5 13.Bg5 Nf6 14.O-O Be7 15.Bxf6 Bxf6
16.Rad1 O-O 17.Ne3 Qe8 18.Ne5 Rd8 19.Qa5 Rd6 20.f4 Qh5 21.Bg2 Bxg2 22.Nxg2 Qxe2
23.Rfe1 Qh5 24.Qxa6 Qe8 25.Ne3 Be7 26.Qb7 Nd5 27.Nxd5 Rxd5 28.a4 Bf6 29.a5 Qd8
30.Qc6 Qd6 31.Qxd6 Rxd6 32.Re3 Ra8 33.Ra3 Bd8 34.Kf2 Rxa5 35.Rxa5 Bxa5 36.Ra1 Bb6
37.Ra8+ Rd8 38.Rxd8+ Bxd8 39.Ke3 Kf8 40.d5 Bb6+ 41.Kd2 Ke7 42.dxe6 Kxe6 43.Kc3 Bc5
44.Nf3 Kd5 45.b4 Bf2 46.g4 Be3 47.gxf5 Bxf4 48.h4 h5 49.Ng1 Bd6 50.Kc2  0-1

[Event "TCh-BEL 2007-8"]
[Site "Belgium BEL"]
[Date "2007.11.18"]
[Round "4"]
[White "Eliet,N"]
[Black "Geirnaert,S"]
[Result "0-1"]
[WhiteElo "2447"]
[BlackElo "2322"]

1.Nf3 d5 2.c4 d4 3.e3 Nc6 4.exd4 Nxd4 5.Nxd4 Qxd4 6.Nc3 c6 7.d3 e5 8.Be3 Qg4
9.Qb3 Ne7 10.h3 Qd7 11.g4 h5 12.Rg1 hxg4 13.hxg4 b6 14.Bg2 Qxg4 15.Bxc6+ Nxc6
16.Rxg4 Bxg4 17.Qb5 Bf3 18.Kd2 f5 19.Re1 Bb4 20.Bd4 O-O-O 21.Bxe5 Kb7 22.Bxg7 Rh5
23.Qa4 f4 24.a3 Bxc3+ 25.Bxc3 Rh2 26.d4 Rxf2+ 27.Kc1 Re2 28.Rf1 Nxd4 29.Rd1 Bc6
30.Rxd4 Bxa4 31.Rxd8 Rc2+ 32.Kb1 Bb3 33.Rd2 f3 34.Rd7+ Kc6 35.Rf7 f2 36.Bd4 Rd2  0-1

[Event "TCh-FIN 2007-8"]
[Site "Finland FIN"]
[Date "2007.11.18"]
[Round "5"]
[White "Jouhki,Y"]
[Black "Hokkanen,P"]
[Result "1-0"]
[WhiteElo "2286"]
[BlackElo "2330"]

1.Nf3 d5 2.c4 c6 3.b3 Nf6 4.Bb2 Bf5 5.g3 e6 6.Bg2 a5 7.a3 Be7 8.O-O O-O 9.d3 h6
10.Nbd2 Bh7 11.Bc3 c5 12.cxd5 Nxd5 13.Bb2 Nc6 14.Rc1 Rc8 15.Rc2 b6 16.Nc4 b5
17.Ne3 Nb6 18.Qa1 f6 19.Bh3 Qd6 20.Rfc1 Kf7 21.Rxc5 Qxc5 22.Rxc5 Bxc5 23.d4 Bd6
24.d5 Nxd5 25.Nxd5 exd5 26.Bxc8 Rxc8 27.Qd1 Ne7 28.Nd4 b4 29.Nb5 Bb8 30.axb4 axb4
31.Qa1 Bf5 32.Kf1 h5 33.Bd4 h4 34.Be3 Bd7 35.Nd4 hxg3 36.hxg3 Rh8 37.Kg2 Bd6
38.Qa5 Rb8 39.Bf4 Bxf4 40.gxf4 Rb7 41.Qa8  1-0

[Event "WYb18"]
[Site "Kemer TUR"]
[Date "2007.11.18"]
[Round "1"]
[White "Goiriz,Y"]
[Black "Lintchevski,D"]
[Result "0-1"]
[WhiteElo "2124"]
[BlackElo "2445"]

1.Nf3 d5 2.c4 c6 3.d4 Nf6 4.cxd5 cxd5 5.Nc3 Nc6 6.Bf4 a6 7.e3 Bg4 8.Be2 e6
9.O-O Bd6 10.Bxd6 Qxd6 11.Na4 Nd7 12.Rc1 O-O 13.Nc5 Nxc5 14.Rxc5 Ne7 15.Qd2 Bxf3
16.Bxf3 b6 17.Rc3 Rac8 18.Rfc1 Rxc3 19.Rxc3 Rc8 20.Be2 Rxc3 21.Qxc3 a5 22.Bb5 g6
23.g3 Kg7 24.Kg2 h6 25.a3 g5 26.b4 axb4 27.axb4 h5 28.Bd3 h4 29.b5 hxg3 30.hxg3 Qd8
31.Qa3 Qc7 32.Qa8 Qc3 33.Qd8 Qxd3 34.Qxe7 Qe4+ 35.Kh2 Qf5 36.Kg2 Qe4+ 37.Kh2 Kg6
38.Qd8 Qc2 39.Qg8+ Kf6 40.Qd8+ Kf5 41.Kg2  0-1

[Event "WYb16"]
[Site "Kemer TUR"]
[Date "2007.11.18"]
[Round "1"]
[White "Bogner,S"]
[Black "Lupascu,D"]
[Result "1-0"]
[WhiteElo "2383"]
[BlackElo "2014"]

1.Nf3 d5 2.c4 c6 3.e3 Nf6 4.Nc3 a6 5.b3 Bg4 6.h3 Bh5 7.Bb2 Bxf3 8.Qxf3 e6
9.g4 h6 10.Bg2 Be7 11.Qe2 Nfd7 12.O-O O-O 13.d4 a5 14.Rad1 Na6 15.f4 dxc4
16.bxc4 f5 17.d5 cxd5 18.cxd5 Qb6 19.dxe6 Ndc5 20.gxf5  1-0

[Event "WYg18"]
[Site "Kemer TUR"]
[Date "2007.11.19"]
[Round "2"]
[White "Gomes,Ma"]
[Black "Chirivi,Y"]
[Result "1-0"]
[WhiteElo "2262"]
[BlackElo "2109"]

1.Nf3 d5 2.c4 c6 3.b3 Nf6 4.Bb2 Bf5 5.g3 e6 6.Bg2 Nbd7 7.O-O Bc5 8.d3 O-O
9.Nbd2 Qc7 10.a3 a5 11.Qc2 h6 12.Qc3 Rfe8 13.Rac1 Rac8 14.e4 dxe4 15.dxe4 Bg6
16.b4 axb4 17.axb4 Bf8 18.Nh4 Bh5 19.e5 Nh7 20.f4 Nb6 21.Qb3 Red8 22.Ne4 Be7
23.c5 Bxh4 24.gxh4 Nd5 25.f5 exf5 26.Nd6 Rb8 27.Rxf5 Bg6 28.Rf2 Qe7 29.Qg3 h5
30.e6 Qxe6 31.Rxf7 Qxf7 32.Nxf7 Kxf7 33.Bxd5+  1-0

[Event "WYb14"]
[Site "Kemer TUR"]
[Date "2007.11.19"]
[Round "2"]
[White "Kantans,T"]
[Black "Bures,J"]
[Result "0-1"]
[WhiteElo "2015"]
[BlackElo "2156"]

1.Nf3 d5 2.c4 d4 3.g3 Nc6 4.d3 e5 5.Bg2 Nf6 6.O-O Nd7 7.e3 Be7 8.exd4 exd4
9.Bf4 O-O 10.Re1 Bf6 11.Na3 g5 12.Bc1 Nc5 13.h4 g4 14.Nh2 Ne5 15.Nb1 Bf5
16.Rxe5 Bxe5 17.Nxg4  0-1

[Event "WYb18"]
[Site "Kemer TUR"]
[Date "2007.11.21"]
[Round "4"]
[White "Sfarlog,T"]
[Black "Del Castilho,M"]
[Result "1/2-1/2"]
[WhiteElo "2265"]
[BlackElo "2126"]

1.Nf3 d5 2.c4 c6 3.Qc2 Nf6 4.d4 a6 5.c5 Nbd7 6.Bf4 Nh5 7.e3 Nxf4 8.exf4 Qc7
9.g3 g6 10.Bd3 Bg7 11.O-O O-O 12.Nc3 Nf6 13.Rfe1 Bg4 14.Ne5 Rfe8 15.f3 Bc8
16.f5 Bxf5 17.Bxf5 gxf5 18.Qxf5 e6 19.Qd3 Nd7 20.Nxd7 Qxd7 21.f4 f6 22.Nd1 e5
23.Ne3 e4 24.Qf1 f5 25.Rad1 Qf7 26.Qh3 Qg6 27.Kf2 b6 28.cxb6 Rab8 29.Rd2 Rxb6
30.a3 Rb3 31.Qf1 Reb8 32.Qe2 c5 33.Nxd5 Qe6 34.dxc5 Rxb2  1/2-1/2

[Event "WYb16"]
[Site "Kemer TUR"]
[Date "2007.11.21"]
[Round "4"]
[White "Darini,P"]
[Black "Inonu,M"]
[Result "1-0"]
[WhiteElo "2159"]
[BlackElo "2001"]

1.Nf3 d5 2.c4 d4 3.e3 Nc6 4.Nxd4 Nxd4 5.exd4 Qxd4 6.Nc3 c6 7.d3 e5 8.Be3 Qd8
9.d4 exd4 10.Bxd4 Nf6 11.Qe2+ Qe7 12.O-O-O Qxe2 13.Bxe2 Be7 14.g4 O-O 15.f4 Re8
16.f5 h5 17.g5 Ng4 18.f6 Bd6 19.h3 Bf4+ 20.Kb1 Ne3 21.Bxe3 Bxe3 22.fxg7 Bf5+
23.Bd3 Bxd3+ 24.Rxd3 Bxg5 25.Rf1 Kxg7 26.Rg3 Kh6 27.Rxf7 Re7 28.Rf5 Bh4 29.Rd3 Rae8
30.Rff3 Re1+ 31.Kc2 Rd8 32.Rxd8 Bxd8 33.Kd3 Bg5 34.b3 h4 35.Ne4 Rd1+ 36.Kc3 Rc1+
37.Kd4 Rc2 38.Ke5 Rxa2 39.Rd3 Ra5+ 40.c5 Be7 41.b4 Rb5 42.Rd7 Bf8 43.Kf5 Rxb4
44.Nf6 Bg7 45.Ng4+ Kh7 46.Kg5 Rb3 47.Nf6+ Kh8 48.Rd8+ Bf8 49.Kg6 Rg3+ 50.Kf7 Rg7+
51.Kxf8 b5 52.Rd4  1-0

[Event "WYb14"]
[Site "Kemer TUR"]
[Date "2007.11.22"]
[Round "5"]
[White "Kantans,T"]
[Black "Gretarsson,Hj"]
[Result "0-1"]
[WhiteElo "2015"]
[BlackElo "2270"]

1.Nf3 d5 2.c4 d4 3.g3 Nc6 4.d3 e5 5.Bg2 Nf6 6.O-O a5 7.e3 Be7 8.exd4 exd4
9.Na3 Nd7 10.Nb5 Nc5 11.Re1 Ne6 12.Bf4 Nxf4 13.gxf4 O-O 14.Ne5 Nxe5 15.fxe5 c6
16.Na3 Bf5 17.Nc2 Qd7 18.Be4 Bg4 19.Bf3 Be6 20.Re4 f5 21.Rxd4 Qe8 22.Qe2 c5
23.Rd5 Bxd5 24.cxd5 Bg5 25.d4 Bf4 26.Re1 Qg6+ 27.Bg2 Rae8 28.d6 cxd4 29.Qc4+ Kh8
30.Qxd4 Qh6 31.d7 Bxh2+ 32.Kf1 Qa6+ 33.Re2 Rxe5 34.Ne3 Rd8 35.Bf3 Qe6 36.Qh4 Rxd7
37.Qxh2 h6 38.Qh4 Rf7 39.Qc4 Qxc4 40.Nxc4 Rxe2 41.Kxe2 b5 42.Nxa5 g5 43.Bc6 b4
44.Nc4 Rc7 45.Bd5 Rc5 46.Be6 Kg7 47.Kd3 Kf6 48.Kd4 Rc7 49.Bd5 h5 50.a3 bxa3
51.bxa3 h4 52.a4 h3 53.a5 Rd7 54.Nb6 Ra7 55.Nc4 g4 56.Kc5 f4 57.Kb6 Re7 58.Nd2 Rd7
59.Ne4+ Kg7 60.Bc6 h2 61.Bxd7 h1=Q 62.Bc6 Qb1+ 63.Ka7 g3 64.fxg3 fxg3 65.Nxg3 Qg1+
66.Kb7 Qxg3 67.a6 Qb3+ 68.Ka8 Qb6 69.Bb7 Qc7 70.Bg2 Kf6 71.Bf3 Ke5 72.Bg2 Kd6
73.Bf3 Kc5 74.Bb7 Kb5  0-1

[Event "WYg18"]
[Site "Kemer TUR"]
[Date "2007.11.24"]
[Round "7"]
[White "Gomes,Ma"]
[Black "Nemcova,Kat"]
[Result "0-1"]
[WhiteElo "2262"]
[BlackElo "2255"]

1.Nf3 d5 2.c4 d4 3.g3 Nc6 4.d3 e5 5.Bg2 Nf6 6.O-O a5 7.e3 dxe3 8.Bxe3 Be7
9.d4 exd4 10.Nxd4 Nxd4 11.Qxd4 O-O 12.Nc3 c6 13.Rad1 Qxd4 14.Bxd4 Bg4 15.f3 Be6
16.b3 Rfd8 17.Kh1 Nd7 18.f4 g6 19.h3 h5 20.Na4 Re8 21.Kh2 Rad8 22.Nc3 f5
23.Bf3 Bb4 24.Nb1 Bc5 25.Bc3 a4 26.b4 Bf8 27.Rfe1 Kf7 28.Nd2 Nb6 29.Be2 a3
30.Nf3 Kg8 31.Ne5 Na4 32.Bd2 Nb2 33.Rf1 Nxd1 34.Rxd1 Bg7 35.Bc3 Rxd1 36.Bxd1 Bxe5  0-1

[Event "WYg18"]
[Site "Kemer TUR"]
[Date "2007.11.24"]
[Round "7"]
[White "Mikadze,M"]
[Black "Rysbayeva,A"]
[Result "1-0"]
[WhiteElo "2255"]
[BlackElo "2170"]

1.Nf3 d5 2.c4 d4 3.e3 Nc6 4.exd4 Nxd4 5.Nxd4 Qxd4 6.Nc3 Bg4 7.Qa4+ Bd7 8.Qc2 Bc6
9.d3 e5 10.Be3 Qd7 11.O-O-O Nf6 12.d4 exd4 13.Bxd4 Bd6 14.Bxf6 gxf6 15.Bd3 Qg4
16.Rhe1+ Kf8 17.Be4 Bxe4 18.Nxe4 Rd8 19.Kb1 Kg7 20.h3 Qh5 21.Rd5 Qh4 22.Nxd6 Rxd6
23.Re4 Qh6 24.Rg4+ Kf8 25.Rxd6 cxd6 26.Qf5 Ke7 27.Re4+ Kd8 28.Qa5+ Kd7 29.Qb5+ Kc8
30.Re7 Qg6+ 31.Ka1 Qxg2 32.Qd7+ Kb8 33.Qxd6+ Ka8 34.Re1 Qxf2 35.Rd1 a6 36.a3 Rg8
37.Ka2 Qe2 38.Rd4 Qe5 39.Qb6 f5 40.Rd7 Qe4 41.Qc7 h5 42.Rxf7 Re8 43.Qc5 f4
44.Qd5 Qxd5 45.cxd5 Rd8 46.Rf5 Ka7 47.Kb3 Rg8 48.Rxf4 Rg3+ 49.Kc4 Rxh3 50.d6 Rg3
51.d7 Rg8 52.Kd5 b5 53.Kc6 Kb8 54.Rd4 Rd8 55.Re4  1-0